Loreto College Library, Kolkata
WEBOPAC (ONLINE PUBLIC ACCESS CATALOGUE)

Oxford dictionary of Education (Record no. 41389)

MARC details
000 -LEADER
fixed length control field 00555nam a22002057a 4500
005 - DATE AND TIME OF LATEST TRANSACTION
control field 20180111141823.0
008 - FIXED-LENGTH DATA ELEMENTS--GENERAL INFORMATION
fixed length control field 180111b xxu||||| |||| 00| 0 eng d
020 ## - ISBN | অাই এস বি এন
ISBN | অাই এস বি এন 9780199679393
PRICE ₹ 495.00
040 ## - CATALOGING SOURCE
Original cataloging agency Loreto College
041 ## - LANGUAGE CODE
Language code English
082 ## - DDC | ডিউই
Classification number | বর্গসংখ্যা 370.03
Book Number | গ্রন্থাঙ্ক WAL
100 ## - MAIN ENTRY--PERSONAL NAME | মুখ্য সংলেখ - ব্যাক্তিনাম
Personal name | ব্যাক্তিনাম Wallace, Susan ed.
245 ## - TITLE STATEMENT | অাখ্যা বিবরণী
Title | অাখ্যা Oxford dictionary of Education
Statement of responsibility | লেখকের দায়িত্বের বিবরণ Edited by Susan Wallace
250 ## - EDITION STATEMENT | সংস্করণ ক্ষেত্র
Edition statement | সংস্করণ Second Edition
260 ## - IMPRINT | প্রকাশনা ক্ষেত্র
Place of publication | প্রকাশ স্থান Oxford
Name of publisher | প্রকাশকের নাম Oxford university Press
Date of publication | প্রকাশ কাল 2015
300 ## - PHYSICAL DESCRIPTION |
Other physical details | অনান্য বাহ্যিক বিবরণ 22 cm.
650 ## - SUBJECT ADDED ENTRY--TOPICAL TERM | বিষয় শিরোনাম - মূল বিষয়
Topical term | মূল বিষয় Education-Dictionary
850 ## - HOLDING INSTITUTION
Holding institution LCBED
942 ## - ADDED ENTRY ELEMENTS (KOHA)
Koha item type Books
Holdings
Withdrawn status Lost status Source of classification Damaged status Not for loan Home library Current library Date acquired Price Total Checkouts Full call number Accession No. Date last seen Price effective from Koha item type
    Dewey Decimal Classification     Loreto College Loreto College 11/01/2018 0.00   370.03 WAL 15453 45289 11/01/2018 11/01/2018 Books